00987nam a22002177a 4500003000900000005001700009008004100026020001800067040002800085082002100113110007000134245018300204260007100387300002100458504005300479650002100532710005800553942001200611999001700623952012900640DO-CoUTE20260518134434.0260518b dr ||||| |||| 00| 0 spa d a9789945629255 aDO-CoUTEbspacDO-CoUTE aRD 330.97293N9641 aColección del Banco Central de la republica Dominicana eAutor 10aNueva Literatura economica Dominicana : bPremios del concurso de economía Bibliotecas " Juan Pablo Duarte " 2021 / cColección del Banco Central de la republica Dominicana  aSanto Domingo ; bBanco central de la Republica Dominicana, c2021 a205 Hojas : c22 aIncluye referencia bibliográfica e índice.  4aInvestigación 1 aColección de Banco Central de la Republica eAutor  2ddccBK c24196d24196 00102ddc40708RDaBUbBUcGENd2026-05-18i023963l0oRD 330.97293N964p023963r2026-05-18 13:45:08tEj.1w2026-05-18yBK